Statistics for British Kings at key events in British History

Click here to take the quiz!

General Stats

  • This quiz has been taken 119 times
    (105 since last reset)
  • The average score is 11 of 15

Answer Stats

QuestionAnswer% Correct
Who first signed the Magna Carta and was king during the First Barons' War?John
95%
Which king broke away from the Catholic Church?Henry VIII
90%
Who was king during WWII?George VI
84%
Who was king at the end of the Wars of the Roses?Henry VII
82%
Who was the king which the Gunpowder Plot targeted?James I
80%
Who was king during WWI?George V
78%
Who was king during the battles of Trafalgar and Waterloo, and the American Revolution?George III
77%
Who was king during the Great Fire of London?Charles II
76%
Who was king when Thomas Becket was murdered?Henry II
76%
Who was king at the start of the Battle of Hastings?Harold II Godwinson
70%
Who was king at the start of the Wars of the Roses?Henry VI
70%
Who was king during the Peasants' Revolt?Richard II
58%
Who was king when the plague first arrived in England?Edward III
57%
Who was king during the Second Barons' War?Henry III
53%
Who was king when the Slavery Abolition Act and First Reform Act?William IV
52%

Score Distribution

Percentile by Number Answered

Percent of People with Each Score

Your Score History

You have not taken this quiz since the last reset